000
00286nam a2200121Ia 4500
008
200615s9999||||xx |||||||||||||| ||und||
082
_a
650
_b
BAS-S
100
_a
SJ,MCGRATH
245
0
_a
BASIC MANAGERIAL SKILLS FOR ALL
250
_a
3RD
260
_a
New Delhi
_b
PHI
_c
2018
942
_c
BK
999
_c
26308
_d
26308